|
|
|
|
| LEADER |
00000nam a22000007a 4500 |
| 005 |
20131217154848.0 |
| 007 |
cr|||| |||| |
| 008 |
131217s2013 mx |||||s|||| 00||0 spa d |
| 020 |
|
|
|a 968-6818-75-5
|
| 035 |
|
|
|a 11680
|
| 040 |
|
|
|a vLex
|
| 090 |
|
|
|c 4619
|d 4619
|
| 100 |
1 |
|
|a Jalife Daher, Mauricio
|
| 245 |
1 |
0 |
|a Aspectos legales de las marcas en Mexico
|h [Recurso electrn̤ico] /
|c Mauricio Jalife Daher
|
| 256 |
|
|
|a Servicio en ln̕ea
|
| 260 |
|
|
|a Mx̌ico D.F:
|b Jalife Caballero,
|c 2013
|
| 300 |
|
|
|a 1 recurso en ln̕ea
|
| 650 |
0 |
4 |
|a Marcas de fb̀rica
|x Derecho y legislacin̤
|z Mx̌ico
|
| 740 |
0 |
|
|a vLex Libros (Servicio en ln̕ea)
|
| 856 |
4 |
0 |
|u http://vlex.com/source/aspectos-legales-marcas-mexico-11680
|z Acceso restringido
|
| 942 |
|
|
|c BOOK
|
| 999 |
0 |
0 |
|a Trademarks----Law and legislation
|